|
|
|
|
| LEADER |
00000Cam#a22000005a#4500 |
| 003 |
AR-RoUNA |
| 008 |
140529||||||||||||||||| |||| 0|||| d |
| 040 |
|
|
|a AR-RoUNA
|b spa
|d AR-RoUNA
|
| 041 |
|
|
|a spa
|
| 044 |
|
|
|a ag
|
| 080 |
|
|
|a 697.9
|
| 092 |
|
|
|l C316 ej.2
|
| 110 |
|
|
|a Carrier air conditioning company
|9 19314
|
| 245 |
|
|
|a Manual de aire acondicionado (handbook of air conditioning system design :
|
| 250 |
|
|
|a 5a. ed.
|
| 260 |
|
|
|a Barcelona :
|b Marcombo Moixareu Editores,
|c 1980
|
| 300 |
|
|
|b gráficos
|
| 650 |
4 |
|
|a Aires acondicionados
|9 24488
|
| 653 |
|
|
|a Aire Acondicionado
|
| 930 |
|
|
|e 3144
|
| 942 |
|
|
|2 udc
|
| 945 |
|
|
|d 2024-03-15
|
| 980 |
|
|
|8 1
|g Maricel Allasia
|
| 999 |
|
|
|c 4171
|d 4171
|